Statistics for Taylor Swift - peace Lyrics

Click here to take the quiz!

General Stats

  • This quiz has been taken 72 times
  • The average score is 248 of 289

Answer Stats

Answer% Correct
a
100%
Give
100%
give
100%
I
100%
it
100%
me
100%
You
100%
you
100%
in
97%
peace
97%
peace?
97%
be
95%
could
95%
never
95%
Would
95%
would
95%
And
92%
and
92%
If
92%
if
92%
my
92%
the
92%
The
92%
Your
92%
your
92%
But
89%
but
89%
enough
89%
enough?
89%
friend
89%
you're
89%
I'm
87%
is
87%
Is
87%
No
87%
on
87%
that
87%
child
84%
come
84%
details
84%
devil's
84%
for
84%
got
84%
it's
84%
secret
84%
to
84%
with
84%
always
82%
die
82%
when
82%
All
79%
As
79%
as
79%
brother
79%
east
79%
I'll
79%
know
79%
of
79%
people
79%
rain
79%
see
79%
standin'
79%
west
79%
best
76%
blues
76%
'Cause
76%
comes
76%
gonna
76%
heart
76%
I'd
76%
keep
76%
like
76%
love's
76%
only
76%
Our
76%
show
76%
silence
76%
sunshine
76%
there's
76%
think
76%
wild
76%
brittle
74%
clowns
74%
each
74%
fences
74%
fire
74%
ocean
74%
other
74%
robbers
74%
talk
74%
two
74%
understand
74%
warm
74%
friends
71%
honor
71%
makes
71%
now
71%
shit
71%
small
71%
these
71%
wasting
71%
wave
71%
age
68%
coming
68%
Family
68%
gone
68%
has
68%
just
68%
lives
68%
paint
68%
seem
68%
trenches
68%
wall
68%
around
66%
cascade
66%
corner
66%
danger
66%
darlin'
66%
dreamscapes
66%
had
66%
near
66%
chose
63%
long
63%
Sit
63%
swing
63%
clear
61%
courage
61%
integrity
61%
summer
61%
this
61%
Suddenly
55%
convictions
53%

Score Distribution

Percentile by Number Answered

Percent of People with Each Score

Your Score History

You have not taken this quiz